Tokyo... or Kyoto? - Statistics

General Stats
  • This quiz has been taken 44 times
    9 since last reset
  • The average score is 13 of 15
Answer Stats
Question Answer % Correct
Is located on the island of Honshu Both
100%
Is further south Kyoto
100%
Has the higher population Tokyo
100%
Was formerly known as "Edo" Tokyo
100%
Has the world's tallest tower Tokyo
100%
Closer to Mount Fuji Tokyo
100%
Hosted the first Summer Olympics in Asia Tokyo
100%
Has been capital of Japan for more than 1,000 years Kyoto
88%
Has more World Heritage Sites Kyoto
88%
Higher cost of living Tokyo
88%
Has 100 or more Michelin star restaurants Both
75%
Is considered to be Japan's cultural center Kyoto
75%
Nintendo is headquartered here Kyoto
75%
Was devastated by a major earthquake in 1923 Tokyo
63%
Has a higher % of residents living in the city proper Kyoto
38%
No matching quizzes found
Score Distribution
Percent of People with Each Score
Percentile by Number Answered
Your Score History
You have not taken this quiz since the last reset